000 00228 a2200097 4500
001 46619
100 _aImtiaz, Syed Taj
245 _aHafiz Abdullah key Dramey
260 _aLahore
_bMajlis Taraqi Adab
_c
090 _c29722
_d29722
942 _aNUST-CAE
_cM
_c21916
999 _c281692
_d281692